00287cam a22000977a 4500008004000000082001600040100001600056245004500072260006200117300001000179180718b1981 xxu||||| |||| 00| 0 eng d aY11x54 V869 aVohra, B.B. aPolicy for land and watercby B.B. Vohra aNew DelhibMinistry of Information and Broadcastingc1981 a36+p.